000 01548nam a22002777a 4500
005 20081021100252.0
008 081021t xxu||||| |||| 00| 0 hin d
010 _aHIN-84467
020 _a97881436658
_c200.00
035 _aHN-56813
037 _bDBAD / PUB
040 _aDPL
_bHN
082 _a321.1095453
245 _aआदिवासियों की पारम्परिक स्वशासन व्यवस्था एवं पंचायती राज :
_cसुधीर पाल द्वारा संपादित
_b(संदर्भ झारखण्ड) /
246 _aAadivasiyon ki paramparik swasasan vyawasthaa evam panchayati raj
_bedited by Sudhir Pal
260 _aनई दिल्ली
_bवाणी प्रकाशन
_c2007
270 _a21-ए, दरियागंज
_bनई दिल्ली
_e110002
_k23273167
_l23275710
_mvaniprakashan@gmail.com
300 _a104पृ
_c22सेमी (सजिल्द)
650 _aजनजाति सरकार
_zभारत
_zझारखण्ड
650 _aTribal government
_zIndia
_zJharkhand
650 _aपंचायत
_zभारत
_zझारखण्ड
650 _aPanchayat
_zIndia
_zJharkhand
700 _aपाल, सुधीर
942 _2ddc
_cHN
_mआदिवा
_h321.1095453
999 _c16934
_d16934